00534nam a22001577a 450000500170000000800410001702000150005805000210007310000370009424501050013125000110023626000450024730000280029250400260032065000300034620180703112256.0180703b sp ||||| |||| 00| 0 spa d a847114083704aTA684 bG37 19791 aGarcía-Vaquero Vaquero, Emilio10aEdificios industriales agrarios b: diseño y construcción c/ Emilio García-Vaquero Vaquero. a1a ed. aMadrid, España :bMundi-Prensa, c1979 a174 p. :bil. ;c24 cm. aIncluye bibliografias 72lembaEdificios Agricolas